Secure software design / (رقم التسجيلة. 35106)
[ عرض عادي ]
| 000 -الفاتح | |
|---|---|
| حقل البيانات ثابتة الطول | 00795nam a22002297a 4500 |
| 003 - محدد رقم الضبط | |
| رقم الضبط | OSt |
| 005 - وقت وتاريخ اخر تعامل مع التسجيلة | |
| رقم الضبط | 20150408114218.0 |
| 008 - عناصر البيانات ثابتة الطول - معلومات عامة | |
| حقل البيانات ثابتة الطول | 140515s2013 maua g b 001 0 eng |
| 020 ## - الرقم الدولى المعيارى للكتب | |
| الرقم الدولى المعيارى للكتاب | 9781449626327 (pbk.) |
| 040 ## - مصدر الفهرسة | |
| وكالة الفهرسة الأصلية | Ma-Un |
| 082 00 - رقم تصنيف ديوى العشرى | |
| رقم الطبعة | 22 |
| رقم التصنيف | 005.8 |
| رقم المادة | RTS |
| 100 1# - المدخل الرئيسى - إسم شخصى | |
| الإسم الشخصى | Richardson, Theodor. |
| 9 (RLIN) | 45205 |
| 245 10 - بيان العنوان | |
| العنوان | Secure software design / |
| بيان المسئوليه,etc | Theodor Richardson, Charles N. Thies. |
| 260 ## - PUBLICATION, DISTRIBUTION, ETC. (IMPRINT) | |
| مكان الناشر او الموزع | Burlington, MA : |
| اسم الناشر او الموزع | Jones & Bartlett Learning, |
| تاريخ النشر أو التوزيع | 2013. |
| 300 ## - الوصف المادى | |
| التعداد | xix, 407 p. : |
| تفاصيل ماديه اخرى للوعاء | ill. ; |
| أبعاد الوعاء | 24 cm. |
| 504 ## - تبصرة ببليوجرافية | |
| تبصرة ببليوجرافية,الخ | Includes bibliographical references and index. |
| 650 ## - المدخل الاضافى بالموضوع-مصطلح موضوعى | |
| مصطلح موضوعي أو اسم جغرافي كعنصر مدخل | Computer software |
| التقسيم الفرعي العام | Development. |
| 650 ## - المدخل الاضافى بالموضوع-مصطلح موضوعى | |
| مصطلح موضوعي أو اسم جغرافي كعنصر مدخل | Computer security. |
| 700 1# - المدخل الاضافى - اسم شخصى | |
| الإسم الشخصى | Thies, Charles. |
| 9 (RLIN) | 45206 |
| 942 ## - عناصر المدخل الإضافي( كوها) | |
| مصدر التصنيف او مخطط الترفيف | Dewey Decimal Classification |
| Koha [default] item type | كتاب |
| حالة الفقد | نموذج السعر الفعال | حالة تلف | ليس للاعارة | رقم الطلب | رقم النسخة | تاريخ الاكتساب | مصدر التزويد | الموقع الحالي | الباركود | الفرع الرئيسي | Date last seen | نوع المادة فى نظام كوها | مصدر التصنيف او خطة الترفيف | Total Checkouts |
|---|---|---|---|---|---|---|---|---|---|---|---|---|---|---|
| 2014-05-15 | Not For Loan | 005.8 RTS | 1 | 2014-05-15 | دار العرب | المكتبة المركزية بالمجمعة (CL) | 00211431 | المكتبة المركزية بالمجمعة (CL) | 2014-05-15 | كتاب | Dewey Decimal Classification | |||
| 2014-05-15 | Not For Loan | 005.8 RTS | 1 | 2014-05-15 | دار العرب | مكتبة مجمع الكليات بالزلفى - طلاب (SZM) | 00211430 | مكتبة مجمع الكليات بالزلفى - طلاب (SZM) | 2014-05-15 | كتاب | Dewey Decimal Classification | |||
| 2014-05-15 | 005.8 RTS | 2 | 2014-05-15 | دار العرب | مكتبة مجمع الكليات بالزلفى - طلاب (SZM) | 00211432 | مكتبة مجمع الكليات بالزلفى - طلاب (SZM) | 2014-05-15 | كتاب | Dewey Decimal Classification |
